STN EN ISO 11296-7: 2013 (75 6130), Potrubné systémy z plastov na renováciu podzemných beztlakových kanalizačných potrubí a stokových sietí Časť 7 Výstelkovanie špirálovo navíjanými rúrami (ISO 11296-7: 2011)

Táto norma je slovenskou verziou európskej normy EN ISO 11296-7: 2013. Preklad zabezpečil Slovenský ústav technickej normalizácie. Má rovnaké postavenie ako majú oficiálne verzie

Bibliographic Details
Corporate Author: VUIS - Vodovody a kanalizácie (Bratislava, Slovensko) (Translator)
Other Authors: Pašek, Ján (Translator)
Format: Book
Language:Slovak
English
PhysicalDescription:24 s. obr., tab. 30 cm
Published: Bratislava Slovenský ústav technickej normalizácie 2013
Subjects:

MARC

LEADER 00000cam a2200000 a 4500
001 vtls010552261
003 SK-MaSNL
005 20260302013029.0
008 160430s2013 xo a f u 000 0 slo
015 |a SNBN2013 
020 |c (cen. skup. 4) 
040 |a SNK  |b slo  |c SNK  |e AACR2 
041 1 |a slo  |h eng 
044 |a xo  |c SK 
046 |a s  |m 201310 (účin.) 
072 7 |a 621  |x Strojárstvo  |2 konspekt 
080 |a 621.643.2/.4  |2 2001 
080 |a 006.7/.8  |2 2001 
080 |a (437.6)  |2 2001 
080 |a (4)  |2 2001 
084 |a 23.040.20  |2 ICS 
084 |a 23.040.45  |2 ICS 
084 |a 23.040.99  |2 ICS 
084 |a 93.030  |2 ICS 
130 0 |a STN 75 6130 (STN EN ISO 11296-7)  |9 655804 
245 1 0 |a STN EN ISO 11296-7: 2013 (75 6130), Potrubné systémy z plastov na renováciu podzemných beztlakových kanalizačných potrubí a stokových sietí  |n Časť 7  |p Výstelkovanie špirálovo navíjanými rúrami (ISO 11296-7: 2011) 
246 1 0 |a Potrubné systémy z plastov na renováciu podzemných beztlakových kanalizačných potrubí a stokových sietí. Časť 7 
246 1 0 |a Výstelkovanie špirálovo navíjanými rúrami (ISO 11296-7: 2011) 
246 3 0 |a EN ISO 11296-7: 2013 SK 
246 3 0 |a ISO 11296-7: 2011 
260 |a Bratislava  |b Slovenský ústav technickej normalizácie  |c 2013 
300 |a 24 s.  |b obr., tab.  |c 30 cm 
500 |a Súbežný názov v angličtine, francúzštine, nemčine 
500 |a Spracovateľ: VUIS-Vodovody a kanalizácie Bratislava, Ján Pašek 
500 |a Táto norma nahrádza STN EN 13566-7 zo septembra 2007 v celom rozsahu 
504 |a Citované normy, súvisiace právne predpisy s. 2 ; literatúra s. 23 
520 8 |a Táto norma je slovenskou verziou európskej normy EN ISO 11296-7: 2013. Preklad zabezpečil Slovenský ústav technickej normalizácie. Má rovnaké postavenie ako majú oficiálne verzie 
540 |a STN vydané na akomkoľvek nosiči sa môžu rozmnožovať a rozširovať iba so súhlasom určenej právnickej osoby  |b SÚTN Bratislava  |c zákon 264/1999 Z. z. 
650 0 7 |a potrubia  |2 SNKPH  |9 14318 
650 0 7 |a technické normy a štandardy  |z Slovensko  |2 SNKPH  |9 79594 
650 0 7 |a technické normy a štandardy  |z krajiny Európskej únie  |2 SNKPH  |9 289341 
650 0 7 |a armatúry  |2 SNKPH  |9 17690 
650 0 7 |a Pipe  |2 SNKPHeng  |9 319710 
655 7 |a normy  |2 SNKPH  |9 70643 
700 1 |a Pašek, Ján  |4 trl  |9 320550 
710 2 |a VUIS - Vodovody a kanalizácie (Bratislava, Slovensko)  |4 trl  |9 158151 
710 2 |a Slovenský ústav technickej normalizácie (Bratislava, Slovensko).  |b Technická komisia č. 26 Rúry, tvarovky a armatúry z plastov  |4 stn  |9 330134 
852 |a Štátna vedecká knižnica v Banskej Bystrici 
958 |a OP 
958 |a NB 
999 |c 1011498  |d 1013428 
952 |a SNK  |b SNK  |y PREZ  |7 0  |p 17A1084559  |o snkSTN EN ISO 11296-7  |i snk2013/26023  |8 0  |0 0  |1 0  |4 0  |d 2013-10-25  |l 0  |r 2026-02-24 12:55:33  |w 2026-02-24 
952 |a SNK  |b SNK  |y PREZ  |7 0  |p 17A1084558  |o snkSTN EN ISO 11296-7 D1  |i snk2013/26024  |8 0  |0 0  |1 0  |4 0  |d 2013-10-25  |l 0  |r 2026-02-24 12:55:33  |w 2026-02-24